000 008060000a22003610004500
650 _aBuddhism
650 _aBuddha
650 _aRenunciation
650 _aIncarnation
650 _aEternalism
650 _aNihilism
650 _aMind
650 _aEthics
650 _aWomen
650 _aPolitics
650 _aReligion
650 _aMarriage
650 _aRebirth
650 _aBelief
650 _aAbhidhamma
082 _a294.3
_bD535w
_cN
518 _a2007-05-06
530 _aM
100 _aDhammananda, K.
245 _aWhat Buddhists believe
250 _a5th ed.
020 _a967-9920-29-1
260 _aTaipei
_bCorporate Body of the Buddha Educational Foundation, TW
260 _c1993
300 _axiii, 332p.
_billus.
041 _aEng
942 _cGEN
999 _c40990
_d40990